LEADER 01024nam a2200253 i 4500 001 991004191899707536 005 20020509155804.0 008 960620s1987 fr ||| | ||| 020 $a2070378608 035 $ab11284924-39ule_inst 035 $aPARLA197929$9ExL 040 $aDip.to Filosofia$bita 100 1 $aPascal, Blaise$028760 245 14$aLes Provinciales :$bou Les lettres ecrites par Louis Montalte à un provincial de ses amis et aux RR.PP. Jesuites sur le sujet de la morale et de la politique de ces Pères /$cBlaise Pascal ; Edition presente par Michel Le Guern 260 $aParis :$bGallimard,$cc1987 300 $a410 p. ;$c19 cm. 490 0 $aCollection folio ;$v1860 700 1 $aLe Guern, Michel 907 $a.b11284924$b23-02-17$c01-07-02 912 $a991004191899707536 945 $aLE005 MF 36 A 9$g1$iLE005N-9191$lle005$o-$pE0.00$q-$rl$s- $t0$u0$v0$w0$x0$y.i11450216$z01-07-02 996 $aProvinciales$914789 997 $aUNISALENTO 998 $ale005$b01-01-96$cm$da $e-$feng$gfr $h4$i1 LEADER 01016nas 22003493a 450 001 996215932203316 005 20240413023307.0 035 $a(CKB)110978979437044 035 $a(CONSER)sf-92090660- 035 $a(EXLCZ)99110978979437044 100 $a19920116a19829999 --- a 101 0 $aeng 181 $ctxt$2rdacontent 182 $cc$2rdamedia 183 $acr$2rdacarrier 200 00$aAmerican fastener journal 210 $aPowell, Ohio $cAmerican Fastener Journal 215 $a1 online resource 311 08$aPrint version: American fastener journal. 1064-3834 (DLC)sf 92090660 (OCoLC)60615942 531 $aAM FASTEN J 531 0 $aAm. fasten. j. 606 $aFasteners$vPeriodicals 606 $aFasteners$2fast$3(OCoLC)fst00921702 608 $aPeriodicals.$2fast 615 0$aFasteners 615 7$aFasteners. 676 $a338 906 $aJOURNAL 912 $a996215932203316 920 $aexl_impl conversion 996 $aAmerican fastener journal$92380860 997 $aUNISA